000 00342nam a2200133Ia 4500
008 220204s9999 xx 000 0 und d
082 _a574.4
_bDES
100 _aDE SANTO, Robert S
245 0 _aConcepts of applied ecology
260 _aNew Delhi
_bNarosa
_c1978
650 _aApplied ecology
650 _aEnvironmental stress
942 _cBK
999 _c33667
_d33667